000 02541cam a22005534a 4500
001 muse78477
003 MdBmJHUP
005 20210127151459.0
006 m o d
007 cr||||||||nn|n
008 190926t20191979mdu o 00 0 eng d
020 _a9781421434438
020 _z1421434415
020 _z9781421434414
020 _z9781421434421
020 _z1421434423
020 _z1421434431
035 _a(OCoLC)1135419066
040 _aMdBmJHUP
_cMdBmJHUP
050 4 _aPN3352.A38
_bT3 1979
100 1 _aTanner, Tony.
245 1 0 _aAdultery in the Novel
_bContract and Transgression /
_cTony Tanner.
300 _a1 online resource (1 online resource xii, 383 pages) :
_billustrations
500 _aOpen access edition supported by the National Endowment for the Humanities / Andrew W. Mellon Foundation Humanities Open Book Program.
500 _aThe text of this book is licensed under a Creative Commons Attribution-NonCommercial-No Derivatives 4.0 International License
500 _aOriginally published as Johns Hopkins Press in 1979; reprinted 1981.
504 _aIncludes bibliographical references (pages 378-379) and index.
505 0 _a1. Introduction -- 2. Rousseau's La Nouvelle Heloise -- 3. Goethe's Die Wahlverwandtschaften -- 4. Flaubert's Madame Bovary -- 5. Conclusion.
506 0 _aOpen Access
_fUnrestricted online access
_2star
588 0 _aDescription based on print version record.
650 0 _aFiction.
_2fast
_0(OCoLC)fst00923709
650 0 _aAdultery in literature.
_2fast
_0(OCoLC)fst00797399
650 0 _aAdultery in literature.
650 0 _aFiction
_y19th century
_xHistory and criticism.
650 0 _aFiction
_y18th century
_xHistory and criticism.
600 1 1 _aRousseau, Jean-Jacques,
_d1712-1778.
_tNouvelle H©elo©ise.
600 1 1 _aGoethe, Johann Wolfgang von,
_d1749-1832.
_tWahlverwandtschaften.
600 1 1 _aFlaubert, Gustave,
_d1821-1880.
_tMadame Bovary.
648 7 _a1700-1899
_2fast
655 0 _aCriticism, interpretation, etc.
_2fast
_0(OCoLC)fst01411635
655 7 _aElectronic books.
_2local
776 1 8 _iPrint version:
_tAdultery in the novel.
_dBaltimore : Johns Hopkins University Press, ©1979
_w(DLC) 79004948
_w(OCoLC)5102072
710 2 _aProject Muse.
_edistributor
830 0 _aBook collections on Project MUSE.
856 4 0 _zFull text available:
_uhttps://muse.jhu.edu/book/72321/
999 _c25905
_d25905